000 03265cam a2200553Ii 4500
001 bcotR000352
005 20210215102223.0
006 m u
007 cr cn|---uuuuu
008 200916t20202020bcc ob 000 0 eng d
040 _aK6U
_beng
_erda
_cK6U
_dK6U
020 _a9781774200773
_q(ebook)
020 _a1774200775
_q(ebook)
020 _z9781774200766
_q(print)
035 _a(OCoLC)1196047951
050 4 _aJC576
_b.H86 2020eb
245 0 0 _aHuman security in world affairs :
_bproblems and opportunities /
_cedited by Alexander Lautensach and Sabina Lautensach ; editors, Lauri Aesoph (proofreading, layout) ; contributors, Paul Bellamy [and 21 others].
250 _a2nd edition.
264 1 _bUniversity of Northern British Columbia ;
_bBCcampus,
264 2 _bBCcampus, BC Open Textbook Project
300 _a1 online resource (unpaged)
500 _aThis work is licensed under the Creative Commons Attribution NonCommercial ShareAlike CC-BY-NC-SA
500 _aThis bibliographic record is available under the Creative Commons CC0 "No Rights Reserved" license.
504 _aIncludes bibliographical references.
520 _a"This first and only university textbook of human security is intended as an introductory text from senior undergraduate level up includes chapters by 24 authors,from BC, Canada, and around the globe, that encompass the full spectrum of disciplines contributing to the human security field. It is based on the four pillar model of socio-political security, economic security, environmental security and health security. The chapters include learning outcomes, extension activities,and suggested readings; a comprehensive glossary lists key terms used throughout the book. It can be used in courses on international studies and relations, political studies, history, human geography, anthropology and human ecology, futures studies, applied social studies, public health, and more"--BCcampus website.
588 _aDescription based on online resource; title from HTML cover (viewed on September 16, 2020).
650 0 _aHuman security.
650 0 _aInternational relations.
650 0 _aSecurity, International.
650 0 _aHuman ecology.
650 0 _aClimatic changes
_xPolitical aspects.
650 0 _aSustainability.
650 0 _aHumanitarian law.
650 0 _aEconomic security.
650 0 _aHuman rights.
655 0 _aElectronic books.
700 1 _aLautensach, Alexander,
_eeditor,
_eauthor.
700 1 _aLautensach, Sabina,
_d1959-
_eeditor,
_eauthor.
700 1 _aBellamy, Paul,
_econtributor.
710 2 _aUniversity of Northern British Columbia,
_eissuing body.
710 2 _aBCcampus,
_epublisher.
710 2 _aBC Open Textbook Project,
_edistributor.
856 4 0 _3BC Open Textbook Project title homepage.
_uhttps://open.bccampus.ca/browse-our-collection/find-open-textbooks/?uuid=0b41c72e-d76d-425f-83ff-da8c9bf5e8ce&contributor=&keyword=&subject=
856 4 0 _3BC Open Textbook Project HTML File.
_uhttps://opentextbc.ca/humansecurity/
999 _c28489
_d28489